|
|
|
|
| LEADER |
00000cam a2200000 7i4500 |
| 001 |
0000278761 |
| 005 |
20210317093259.0 |
| 020 |
|
|
|a 9781405295956
|
| 090 |
0 |
0 |
|a 782.4164092
|b MAC
|
| 100 |
1 |
|
|a Mackenzie, Malcolm
|
| 245 |
1 |
0 |
|a Ariana Grande :
|b your essential, unofficial guide to the superstar
|c Malcom Mackenzie
|
| 260 |
|
|
|a London :
|b Dean ,
|c 2019
|
| 300 |
|
|
|a 62p. :
|b col.,photo ;
|c 22cm.
|
| 600 |
0 |
0 |
|a Grande Ariana
|
| 650 |
|
0 |
|a Singers
|z United States
|v Juvenile literature
|
| 650 |
|
0 |
|a Women singers
|z United States
|v Juvenile literature
|
| 999 |
|
|
|a 00384496
|b BUKU
|c JUNIOR BOOKS
|e PERPUSTAKAAN KOMUNITI PETALING JAYA
|